Normal view
MARC view
Entry Topical Term
001 - CONTROL NUMBER
- control field: 13327
003 - CONTROL NUMBER IDENTIFIER
- control field: BD-RjUL
005 - DATE AND TIME OF LATEST TRANSACTION
- control field: 20240605094813.0
008 - FIXED-LENGTH DATA ELEMENTS
- fixed length control field: 240605|| aca||aabn | a|a d
040 ## - CATALOGING SOURCE
- Original cataloging agency: BD-RjUL
- Transcribing agency: BD-RjUL
150 ## - HEADING--TOPICAL TERM
- Topical term or geographic name entry element: Associated
- Form subdivision: Banana
670 ## - SOURCE DATA FOUND
- Source citation: Work cat.: (BD-RjUL)83904: Abedin, Md. Joynul 13326, Nematodes Associated with Banana in North Western Part of Bangladesh and Their Control /, 2010